000 004250000a22001810004500
999 _c47353
_d47353
001 95
003 CO-MdFUSB
005 20170921185634.0
008 170914b xxu||||| |||| 00| 0 eng d
020 _a0-7460-3431-8
040 _cCO-MdBIC
082 0 4 _a868HC Am35n
245 1 0 _aLa navidad / Contada por Heather Amery
260 _aLondres : Usborne
300 _a16 P.
650 1 4 _aLiteraatura Infantil
942 _cLGB